| 000 | 00847cab a22001935a 4500 | ||
|---|---|---|---|
| 001 | L156309 | ||
| 008 | 120514e2012 xxk 000 0 eng d | ||
| 035 | _a(Sirsi) u156309 | ||
| 041 | 0 | _aeng | |
| 100 | 1 | _aClarke, Rupert | |
| 245 | 0 | 0 | _aTen commandments for property lenders |
| 260 | _c2012 | ||
| 490 | 0 |
_aProperty Week _v78(18) 4 May 2012, 31(1) |
|
| 520 | _aPuts forward a highly positive case for being a UK real estate lender today with values 30% off peak, low interest rates, 3-4% over LIBOR margins on low loan-to-value senior loans, and a structural shortage of lending which allows lenders to be selective. Caution is however the watchword and risks need to be managed carefully. Offers ten dos and don'ts of property lending. | ||
| 590 | _aKA | ||
| 651 | 4 | _aUnited Kingdom | |
| 690 |
_aCommercial property _96227 |
||
| 942 | _n0 | ||
| 999 |
_c83983 _d83983 |
||